000 00665nab a2200229 a 4500
001 72070
003 146212
005 20201118111004.0
008 ||||||n9999 ||| || ||
041 _aspa
110 _aBanco de la República
245 0 _aEstablecimientos de credito :
_bdisposiciones sobre apoyo transitorio de liquidez del banrepublica
260 _aBogotá :
_bLEGI0,
_c1999.
300 _app.1292-1312
562 _e0
650 _aAYUDA FINANCIERA
650 _aESTABLECIMIENTOS DE CREDITO
650 _aLIQUIDEZ
650 _aRESOLUCION EXTERNA 18 DE 1999
773 _071420
_aLegislación - Tomo 95 No.1128 (1999)
942 _cSART
999 _c72070
_d72070